Interacción del color.

Saved in:
Bibliographic Details
Main Author: Albers, Josef (autor)
Format: Book
Published: Madrid, España: Alianza, 1979.
Edition:Primera edición.
Series:Alianza Forma ;
Subjects:
Tags: Add Tag
No Tags, Be the first to tag this record!

MARC

LEADER 00000nam a22000007a 4500
003 CL-VaPUC
005 20250321101914.0
008 250109t1979 ||||| |||| 00| 0 eng d
999 |c 446400  |d 446398 
020 |a 978-84-206-7001-0 
040 |c Pontificia Universidad Católica de Valparaíso 
082 7 |a 701.85 ALB 1979  |2 23 
100 |a Albers, Josef  |9 304008  |e autor 
245 |a Interacción del color.  
250 |a Primera edición. 
260 |a Madrid, España:  |b Alianza,   |c 1979. 
300 |a 115 páginas :  |b  ilustraciones.  
490 |a Alianza Forma ;  |n I. 
500 |a c.1-c.3. Instituto Arcos 8-1-2025. 
583 |c 20250109  |k GC 
650 |a Color   |x Estudio y enseñanza  |9 895158 
700 |4 Balseiro, María Luisa  |e versión castellana  |9 895170 
942 |2 ddc  |c BK  |n 0 
952 |0 0  |1 0  |2 ddc  |4 0  |6 701_850000000000000_ALB_1979  |7 0  |8 A  |9 599035  |a BIBINC  |b BIBINC  |d 2025-01-09  |e Instituto Arcos  |i 5664026  |o 701.85 ALB 1979  |p 5664026  |r 2025-01-09  |t 1  |w 2025-01-09  |y BK  |k IFP 
952 |0 0  |1 0  |2 ddc  |4 0  |6 701_850000000000000_ALB_1979  |7 0  |8 A  |9 599036  |a BIBINC  |b BIBINC  |d 2025-01-09  |e Instituto Arcos  |i 5664027  |o 701.85 ALB 1979  |p 5664027  |r 2025-01-09  |t 2  |w 2025-01-09  |y BK  |k IFP 
952 |0 0  |1 0  |2 ddc  |4 0  |6 701_850000000000000_ALB_1979  |7 0  |8 A  |9 599038  |a BIBINC  |b BIBINC  |d 2025-01-09  |e Instituto Arcos  |i 5664028  |o 701.85 ALB 1979  |p 5664028  |r 2025-01-09  |t 3  |w 2025-01-09  |y BK  |k IFP